| 000 | 00350pab a2200145 454500 | ||
|---|---|---|---|
| 008 | 180718b2004 xxu||||| |||| 00| 0 eng d | ||
| 100 | _aVivek Kumar | ||
| 245 | _aUnderstanding dalit diaspora | ||
| 260 | _c2004 | ||
| 300 | _ap.114-16. | ||
| 362 | _a3 Jan | ||
| 650 | _aBackward classes | ||
| 773 | _aEconomic and Political Weekly | ||
| 909 | _a59135 | ||
| 999 |
_c59135 _d59135 |
||